Big Small Countries - Statistics

General Stats
  • This quiz has been taken 21 times
    13 since last reset
  • The average score is 9 of 15
Answer Stats
Land Area (km²) Answer % Correct
18,272 Fiji
83%
103,000 Iceland
83%
22,966 Belize
75%
214,969 Guyana
75%
163,820 Suriname
75%
2,586 Luxembourg
67%
2,842 Samoa
67%
23,200 Djibouti
58%
28,896 Solomon Islands
58%
4,033 Cabo Verde/ Cape Verde
50%
964 Sao Tome and Principe
50%
13,943 Bahamas
42%
1,862 Comoros
42%
13,812 Montenegro
42%
12,189 Vanuatu
42%
No matching quizzes found
Score Distribution
Percent of People with Each Score
Percentile by Number Answered
Your Score History
You have not taken this quiz since the last reset